| 000 -ლიდერი |
| ფიქსირებული სიგრძის საკონტროლო ველი |
01144nam a2200217Ia 4500 |
| 001 - საკონტროლო ნომერი |
| საკონტროლო ველი |
6413 |
| 003 - საკონტროლო ნომრის იდენტიფიკატორი |
| საკონტროლო ველი |
GE_BSU |
| 005 - ბოლო ოპერაციის თარიღი და დრო |
| საკონტროლო ველი |
20190502171351.0 |
| 008 - ფიქსირებული სიგრძის მონაცემთა ელემენტები - ზოგადი ინფორმაცია |
| ფიქსირებული სიგრძის საკონტროლო ველი |
181216s1971||||ge |||||||||||||| ||geo|| |
| 040 ## - კატალოგიზაციის წყარო |
| Transcribing agency |
GE_BSU |
| 041 ## - ენის კოდი |
| Language code of text/sound track or separate title |
geo |
| 080 ## - უნივერსალური ათობითი კლასიფიკაციის ინდექსი |
| Universal Decimal Classification number |
624.4(075.8) კ-80 |
| 100 ## - მთავარი ჩანაწერი - პიროვნების სახელი |
| Personal name |
კოჩიევი, უ. |
| 9 (RLIN) |
470 |
| 245 ## - ცნობა სათაურის შესახებ |
| Title |
რკინაბეტონის ხიდების მალის ნაშენთა ელემენტების გაანგარიშება : |
| Remainder of title |
დამხმ. სახელმძღვ. / |
| Statement of responsibility, etc |
უ.კოჩიევი ; რედ. მ.მრელაშვილი. |
| 264 ## - წარმოების, გამოცემის, დისტრიბუციის და სხვა ცნობები |
| გამოცემის, წარმოების, დისტრიბუციის... ადგილი |
თბილისი : |
| გამოცემის, წარმოების, დისტრიბუციის... სახელწოდება |
განათლება, |
| გამოცემის, წარმოების, დისტრიბუციის... თარიღი |
1971. |
| 300 ## - ფიზიკური აღწერა |
| Extent |
166 გვ. : |
| Other physical details |
ნახაზები, დანართები ; |
| Dimensions |
22 სმ. |
| 504 ## - BIBLIOGRAPHY, ETC. NOTE |
| Bibliography, etc |
ბიბლიოგრ. : გვ.165. |
| 653 ## - INDEX TERM--UNCONTROLLED |
| Uncontrolled term |
რკინაბეტონის ხიდების მალის ნაშენთა ელემენტების გაანგარიშება |
| 700 ## - ADDED ENTRY--PERSONAL NAME |
| Personal name |
მრელაშვილი, მ. |
| Relator term |
რედაქტორი |
| 9 (RLIN) |
640 |
| 942 ## - ADDED ENTRY ELEMENTS (KOHA) |
| Koha item type |
წიგნი |
| Source of classification or shelving scheme |
|